Tilastot visalle Turkkia lähimpänä olevat valtiot

Klikkaa tästä pelataksesi tätä visaa!

Yleistilastot

  • Tätä visaa on pelattu 991 kertaa
  • Keskiarvotulos 17 / 20

Vastaustilastot

KilometritValtioMailit% Oikein
0Kreikka0
96%
0Irak0
93%
0Iran0
92%
285Israel177
91%
69Kypros43
90%
0Syyria0
89%
0Bulgaria0
86%
0Georgia0
86%
0Armenia0
85%
198Romania123
84%
0Azerbaidžan0
83%
136Venäjä85
83%
125Libanon78
78%
342Jordania213
77%
420Albania261
75%
274Pohjois-Makedonia170
75%
366Ukraina227
74%
322Serbia200
73%
388Kosovo241
72%
387Moldova240
70%

Tulosjakauma

Persentiili vastausten määrän mukaan

Jokaisen tuloksen saaneiden osuus

Tuloshistoriasi

Et ole pelannut tätä visaa